MARC details
| 000 -LEADER |
| fixed length control field |
02175nam a22004095a 4500 |
| 001 - CONTROL NUMBER |
| control field |
in503446069 |
| 003 - CONTROL NUMBER IDENTIFIER |
| control field |
UtVeUCL |
| 005 - DATE AND TIME OF LATEST TRANSACTION |
| control field |
20260114163822.0 |
| 008 - FIXED-LENGTH DATA ELEMENTS--GENERAL INFORMATION |
| fixed length control field |
251103s2025 |||| ||| |||||1|||||| |
| 010 ## - LIBRARY OF CONGRESS CONTROL NUMBER |
| LC control number |
2025025272 |
| 020 ## - INTERNATIONAL STANDARD BOOK NUMBER |
| International Standard Book Number |
9780385548984 |
| Terms of availability |
$32.00 |
| Qualifying information |
(hardcover) |
| 020 ## - INTERNATIONAL STANDARD BOOK NUMBER |
| International Standard Book Number |
0385548982 |
| Terms of availability |
$32.00 |
| 040 ## - CATALOGING SOURCE |
| Description conventions |
rda |
| Language of cataloging |
eng |
| 042 ## - AUTHENTICATION CODE |
| Authentication code |
pcc |
| 043 ## - GEOGRAPHIC AREA CODE |
| Geographic area code |
n-us-va |
| 082 00 - DEWEY DECIMAL CLASSIFICATION NUMBER |
| Classification number |
FIC |
| 092 ## - LOCALLY ASSIGNED DEWEY CALL NUMBER (OCLC) |
| Classification number |
fiction |
| Item number |
Grisham, John |
| 100 1# - MAIN ENTRY--PERSONAL NAME |
| Personal name |
Grisham, John, |
| Relator term |
author. |
| Relator code |
aut. |
| -- |
http://id.loc.gov/vocabulary/relators/ aut |
| 245 14 - TITLE STATEMENT |
| Title |
The widow : |
| Remainder of title |
a novel / |
| Statement of responsibility, etc |
John Grisham. |
| 260 ## - PUBLICATION, DISTRIBUTION, ETC. (IMPRINT) |
| Name of publisher, distributor, etc |
Doubleday Books |
| Date of publication, distribution, etc |
20251021 |
| 264 ## - Production, Publication, Distribution, Manufacture, and Copyright Notice. |
| Place of production, publication, distribution, manufacture |
New York, NY : |
| Name of producer, publisher, distributor, manufacturer |
Doubleday Books, |
| Date of production, publication, distribution, manufacture, or copyr |
2025. |
| 300 ## - PHYSICAL DESCRIPTION |
| Extent |
404 pages. |
| Dimensions |
25 cm. |
| 336 ## - Content Type |
| Content type term |
text |
| 337 ## - Media type |
| Media type term |
unmediated |
| 338 ## - Carrier type |
| Carrier type term |
volume |
| 500 ## - GENERAL NOTE |
| General note |
"A novel"--Jacket. |
| 520 ## - SUMMARY, ETC. |
| Summary, etc |
"Simon Latch is a lawyer in rural Virginia, making just enough to pay his bills while his marriage slowly falls apart. Then into his office walks Eleanor Barnett, an elderly widow in need of a new will. Apparently, her husband left her a small fortune, and no one knows about it. Once he hooks the richest client of his career, Simon works quietly to keep her wealth under the radar. But soon her story begins to crack. When she is hospitalized after a car accident, Simon realizes that nothing is as it seems, and he finds himself on trial for a crime he swears he didn't commit: murder. Simon knows he's innocent. But he also knows the circumstantial evidence is against him, and he could spend the rest of his life behind bars. To save himself, he must find the real killer"--Provided by publisher. |
| 650 #0 - SUBJECT ADDED ENTRY--TOPICAL TERM |
| Topical term or geographic name as entry element |
Legal stories, American |
| Source of heading or term |
LC |
| Form subdivision |
Fiction. |
| 9 (RLIN) |
6559192 |
| 650 #0 - SUBJECT ADDED ENTRY--TOPICAL TERM |
| Topical term or geographic name as entry element |
Widows |
| Form subdivision |
Fiction. |
| Source of heading or term |
LC |
| 650 #0 - SUBJECT ADDED ENTRY--TOPICAL TERM |
| Topical term or geographic name as entry element |
Inheritance and succession |
| Form subdivision |
Fiction. |
| 9 (RLIN) |
5673711 |
| Source of heading or term |
LC |
| 650 #0 - SUBJECT ADDED ENTRY--TOPICAL TERM |
| Topical term or geographic name as entry element |
Suspects (Criminal investigation) |
| Form subdivision |
Fiction. |
| 9 (RLIN) |
6387970 |
| Source of heading or term |
LC |
| 650 #0 - SUBJECT ADDED ENTRY--TOPICAL TERM |
| Topical term or geographic name as entry element |
Murder |
| General subdivision |
Investigation |
| Form subdivision |
Fiction. |
| 9 (RLIN) |
5673630 |
| Source of heading or term |
LC |
| 655 #7 - INDEX TERM--GENRE/FORM |
| Genre/form data or focus term |
Detective and mystery fiction. |
| Source of term |
lcgft |
| 9 (RLIN) |
5683641 |
| 655 #7 - INDEX TERM--GENRE/FORM |
| Genre/form data or focus term |
Legal fiction (Literature) |
| Source of term |
lcgft. |
| 9 (RLIN) |
5713024 |
| 655 #7 - INDEX TERM--GENRE/FORM |
| Genre/form data or focus term |
Thrillers (Fiction) |
| Source of term |
lcgft. |
| 942 ## - ADDED ENTRY ELEMENTS (KOHA) |
| Source of classification or shelving scheme |
Dewey Decimal Classification |
| Koha item type |
BOOK |